| 000 | 00852akm a2200265a 44500 | ||
|---|---|---|---|
| 008 | 960104s1995 cat | ||
| 041 | _acat | ||
| 080 | _a336.74(038) | ||
| 110 |
_aCatalunya. Generalitat. Departament d'Economia i Finances. Direcció de Serveis _963943 |
||
| 245 |
_aMonedes d'Europa _h[cartell] _cGeneralitat de Catalunya. Departament d'Economia i Finances. Direcció de Serveis |
||
| 260 |
_aBarcelona _bGeneralitat de Catalunya. Departament d'Economia i Finances. Direcció de Serveis _c1995 |
||
| 300 | _bil. | ||
| 500 | _btermcat | ||
| 520 | _a54 | ||
| 591 | _aCMONEDES | ||
| 592 | _aObra terminològica | ||
| 593 | _aNEC | ||
| 594 | _a4860 | ||
| 650 |
_amoneda _963944 |
||
| 901 | _c<1995> | ||
| 902 | _a960104 | ||
| 942 |
_cMO _n0 _2ddc |
||
| 999 |
_c53463 _d53463 |
||